Movies Beginning With L - The Last 40 Years - Statistics

General Stats
  • This quiz has been taken 22 times
  • The average score is 12 of 41
Answer Stats
Picture Answer % Correct
Labyrinth (1986)
82%
Lethal Weapon (1987)
82%
Liar Liar (1997)
76%
Life Of Pi (2012)
76%
Legally Blonde (2001)
71%
The Land Before Time (1988)
59%
Legends Of The Fall (1994)
53%
Lake Placid (1999)
47%
Last Action Hero (1993)
47%
The Longest Yard (2005)
47%
Lock, Stock And Two Smoking Barrels (1998)
35%
Lucy (2014)
35%
The Lincoln Lawyer (2011)
35%
License To Kill (1989)
29%
Logan (2017)
29%
London Has Fallen (2016)
29%
The Legend Of Bagger Vance (2000)
29%
The Long Walk (2025)
29%
Love & Other Drugs (2010)
24%
The League Of Extraordinary Gentlemen (2003)
24%
Legend (2015)
18%
Like Mike (2002)
18%
Lone Survivor (2013)
18%
The Last Duel (2021)
18%
The Lost City (2022)
18%
The Lovely Bones (2009)
18%
Last Christmas (2019)
12%
Leave The World Behind (2023)
12%
Life Of The Party (2018)
12%
Little Black Book (2004)
12%
Love And Monsters (2020)
12%
Love Lies Bleeding (2024)
12%
Lucky Number Slevin (2006)
12%
The Last Boy Scout (1991)
12%
The Long Kiss Goodnight (1996)
12%
Lakeview Terrace (2008)
6%
Light Sleeper (1992)
6%
Loose Cannons (1990)
6%
Lost In America (1985)
6%
The Last Supper (1995)
6%
The Lookout (2007)
6%
No matching quizzes found
Score Distribution
Percent of People with Each Score
Percentile by Number Answered
Your Score History
You have not taken this quiz